| 000 | 00526nam a2200193 4500 | ||
|---|---|---|---|
| 003 | OSt | ||
| 005 | 20260530115256.0 | ||
| 008 | 260507b |||||||| |||| 00| 0 eng d | ||
| 040 |
_aICI _bspa _cICI |
||
| 050 |
_aHD59.2 _bA54 2004 |
||
| 100 | 1 |
_aDavid E. Carter / Suzanna MW Stephens _930506 |
|
| 245 | 1 | 0 | _aAmerican Corporate Identity 2008 |
| 264 | 1 |
_bCollins Design _c2007 |
|
| 300 | _a320 páginas | ||
| 336 |
_atexto _2rdacontent |
||
| 337 |
_asin medio _2rdamedia |
||
| 338 |
_avolumen _2rdacarrier |
||
| 942 |
_2ddc _cBK _n1 |
||
| 999 |
_c12611 _d12611 |
||